| 000 | 00618nam a2200181 a 4500 | ||
|---|---|---|---|
| 001 | 4391 | ||
| 003 | CDMR | ||
| 005 | 20131213174201.0 | ||
| 008 | 130130s1942||||||||||||||||||||||||||||d | ||
| 040 |
_aCDMR _bcat _cCDMR |
||
| 245 | 3 |
_aEl periodismo es una misión _b: memoria del primer congreso de la Unión de Asociaciones y Sindicatos Periodísticos Nacionales : Venecia, 1942 |
|
| 246 |
_aCongreso de Prensa _b: Venecia, 1942 |
||
| 260 |
_aViena _c[1942] _bTerramare Institut |
||
| 300 | _a192 p. | ||
| 650 | 0 | 4 |
_93445 _aPeriodisme _xCongressos |
| 650 | 0 | 4 |
_9216 _aAssociacions de professionals i tècnics |
| 942 |
_cMON _2udc |
||
| 999 |
_c4391 _d4391 |
||